Work Performance of Bachelor of Science in Office Administration Graduates of University of Rizal System Binangonan Campus Academic Years 2015-2018 (Record no. 58590)

MARC details
000 -LEADER
fixed length control field 00889nam a22002177a 4500
003 - CONTROL NUMBER IDENTIFIER
control field URS
005 - DATE AND TIME OF LATEST TRANSACTION
control field 20220905160904.0
008 - FIXED-LENGTH DATA ELEMENTS--GENERAL INFORMATION
fixed length control field 220905b |||||||| |||| 00| 0 eng d
100 ## - MAIN ENTRY--PERSONAL NAME
9 (RLIN) 2352
Personal name Arieta, Joland D.
Relator term author
245 ## - TITLE STATEMENT
Title <a href="Work Performance of Bachelor of Science in Office Administration Graduates of University of Rizal System Binangonan Campus Academic Years 2015-2018">Work Performance of Bachelor of Science in Office Administration Graduates of University of Rizal System Binangonan Campus Academic Years 2015-2018</a>
Statement of responsibility, etc Joland D. Arieta, Kate Nicole Celajes
260 ## - PUBLICATION, DISTRIBUTION, ETC. (IMPRINT)
Date of publication, distribution, etc 2020
300 ## - PHYSICAL DESCRIPTION
Extent iv, 83 leaves
Dimensions 28 cm
336 ## - CONTENT TYPE
Source rdacontent
Content type term text
337 ## - MEDIA TYPE
Source rdamedia
Media type term unmediated
338 ## - CARRIER TYPE
Source rdacarrier
Carrier type term volume
502 ## - DISSERTATION NOTE
Dissertation note Thesis
Degree type Bachelor of Science in Office Administration Major in Office Management
Name of granting institution University of Rizal System, Binangonan
Year degree granted 2020
504 ## - BIBLIOGRAPHY, ETC. NOTE
Bibliography, etc includes bibliographical references
700 ## - ADDED ENTRY--PERSONAL NAME
9 (RLIN) 2353
Personal name Celajes, Kate Nicole
Relator term author
700 ## - ADDED ENTRY--PERSONAL NAME
9 (RLIN) 1679
Personal name Albert Q. Clemente, MM
Relator term adviser
942 ## - ADDED ENTRY ELEMENTS (KOHA)
Source of classification or shelving scheme Library of Congress Classification
Koha item type Theses and dissertations
Holdings
Withdrawn status Source of classification or shelving scheme Damaged status Not for loan Home library Current library Date acquired Total Checkouts Barcode Date last seen Price effective from Koha item type
  Library of Congress Classification     Binangonan College Library Binangonan College Library 09/05/2022   URSBIN-UGT2392 09/05/2022 09/05/2022 Theses and dissertations

University of Rizal System
Email us at univlibservices@urs.edu.ph

Visit our Website www.urs.edu.ph/library